Statistics for Percy Jackson & the Olympians Quiz

Click here to take the quiz!

General Stats

  • This quiz has been taken 134 times
  • The average score is 12 of 14

Answer Stats

Hint Answer % Correct
Who is Annabeth's godly mother?Athena
99%
Who was the Lightning Thief?Luke Castellan
96%
What is the last name of Nico and Bianca?di Angelo
95%
Who is Percy's godly father?Poseidon
94%
In all, how many books are in the series?5
92%
Who is Sally Jackson's second husband?Paul Blofis
87%
What type of creature is Grover?Satyr
87%
Who is the last olympian?Hestia
86%
What is Clarisse's (daughter of Ares) last name?la Rue
82%
Who was Sally Jackson's first husband?Gabe Ugliano
81%
Where is the Sea of Monsters Located?Atlantic Ocean
78%
What are the names of Hermes' snakes?George & Martha
70%
In the Battle of the Labyrinth, who were Annabeth and Percy searching for?Daedalus
65%
What is the name of the Hundred Handed One?Briares
57%

Score Distribution

Percentile by Number Answered

Percent of People with Each Score

Your Score History

You have not taken this quiz